000 00845nam a22002777a 4500
001 BR7604532
003 BR-BrBNA
005 20230928085116.0
007 ta
008 230509b bl.||||| |||| 00| 0 por d
040 _aBR-BrBNA
_bpor
_cBiblioteca Nacional de Agricultura
041 _a(Por)
072 _aD10; E10
_b/G514
090 _ D10 BR7604532
110 1 _aSubsecretaria de Planejamento e Orcamento, Brasilia, DF (Brasil)
245 1 _aReorganizacao do sistema de controle do Ministerio da Agricultura [Administracao, orcamento, projeto agricola, Brasil]
260 3 _aBrasilia, DF (Brasil):
_c[nd].
300 _a84 p.
500 _aPublished after 1975
650 _aAGRICULTURA
650 _aADMINISTRACAO
650 _aORCAMENTO
650 _aPROJETO AGRICOLA
909 _a202309
_bLucia
_c55
_dLucia Elande
942 _cBK
999 _c22832
_d22832